000 00489nam a2200181Ia 4500
001 8979
005 20260306160649.0
008 260306t2014||||xx |||||||||||||| ||spa||
041 _aESP
082 _a372.21
_bE24L
100 _aMastache, Adriana
_eAUT
245 0 _aLa música y la pintura:
_bese histórico romance: proyectos y actividades de educación musical
260 _c2014
300 _a149 páginas :
_c24 cm.
650 _aGEN
654 _aCED
942 _cLIB
_dJUS
_fJUS
_2ddc
_n
999 _c8979
_d8979